000 00467nam a2200181Ia 4500
001 3622
005 20260306145657.0
008 260306t2018||||xx |||||||||||||| ||spa||
041 _aESP
082 _a300.72
_bC88
100 _aCreswell, John W.,
_eAUT
245 0 _aResearch design :
_bqualitative, quantitative and mixed methods approaches
260 _c2018
300 _a275 páginas :
_c25 cm.
650 _aGEN
654 _aCCC
942 _cLIB
_dJUS
_fJUS
_2ddc
_n
999 _c3622
_d3622